000 00404nam a2200133Ia 4500
008 260210s9999 xx 000 0 und d
024 _a00A-05-BS & 00A-19-BS
082 _a005.072 MOH
100 _aMohammad Ahmed & Faisal Farooq
245 0 _aJava Based Interactive Television
260 _aKarachi:
_bUITU,
_c2000
600 _aComputer Science
650 _aBachelor of Computer Science (BS)
999 _c31699
_d31699